| 000 | 01005nam1a22002171i 4500 | ||
|---|---|---|---|
| 001 | rc\2916600 | ||
| 005 | 20250702154254.0 | ||
| 035 | _a(NLR Aleph) 007066995 | ||
| 090 |
_a6342429 _c6342429 |
||
| 100 | _a20110810d1933 |||y0rusy50 ca | ||
| 101 | 0 | _arus | |
| 102 | _aRU | ||
| 105 | _ay z ||||| | ||
| 200 | 1 |
_aНомограммы для рационализаторских расчетов _eВып. 1- _fСектор обуч. без отрыва от производства. Кабинет рационализации и орг-ции производства |
|
| 210 |
_aЛенинград _cСектор обуч. без отрыва от производства _d1933 _gтип. им. Ив. Федорова |
||
| 215 | _d30×22 см | ||
| 710 | 0 | 2 |
_aЛенинградский инженерно-экономический институт им. П. Тольятти _9277916 _3RU\NLR\AUTH\883341 |
| 801 | 0 |
_aRU _bNLR _gpsbo |
|
| 801 | 1 |
_aRU _bELAR _2rusmarc |
|
| 852 |
_aNLR _j33-20/90(1) |
||
| 942 | _cBOOK | ||